Arvaa artisti tai biisi sanoitusten perusteella #2 - Statistics

Yleistilastot
  • Tätä visaa on pelattu 336 kertaa
  • Keskiarvotulos 2 / 15
Vastaustilastot
Lyrics Artisti/biisi % Oikein
Jos nähdään samaa unta niin onko se ees unta / jos samaan aikaan samat sanat sanotaan BEHM - Hei rakas
74%
I said, certified freak / seven days a week / wet-ass pussy Cardi B, Megan Thee Stallion - WAP
45%
Tiiän et otat must mallii voit sanoo esikuvaks / sun mimmis ei malli mut koet mut silti uhaks William, Clever - Penelope
28%
Breathe me in, breathe me out / I don't know if I could ever go without Harry Styles - Watermelon Sugar
16%
Geimi kuristusottees, jos en hellitä sen tapan / beef on buli niinku sumo ja tarviin lavalle tatamin Kube - 100
14%
Poikain kaa etkoil ballattiin, me mennää jatkaa Skohaniin Tume, Matt Coil - R-I-K-A-S
14%
Beibi pyyhi kyyneleet / täällä sua odotan Ressu Redford - Corolla
13%
Se on varttia vailla / et mä sanon suoraan sen / mitä aattelen susta KUUMAA - Rakastaja
8%
Mut ei tinderii vaan linked in / seison ittelläni selkä suorassa Lukas Leon, Nelli Matula - KATO
6%
Mä oon onneton, täysin tunnoton / mua ei voi parantaa Costee - Mä en osaa rakastaa
5%
A little bit older / a black leather jacket / a bad reputation Camila Cabello, DaBaby - My Oh My
4%
Pull up, skrrt-skrrt on your body / performin' just on my 'Rari Jason Derulo - Take You Dancing
2%
Do you think I'm stupid? / Do you think I'm bat shit crazy, having you on my mind Sia, Diplo, Labrinth, LSD - Genius
2%
Call me what you wanna, I'll be what you wanna / I've been here a thousand times, eh-eh Topic, A7S - Breaking Me
2%
Now I'm on my own, I lost my magic / dealin' with your bullshit now I'm over it Tones and I - Bad Child
1%
Ehtoja vastaavia visoja ei löytynyt
Tulosjakauma
Jokaisen tuloksen saaneiden osuus
Persentiili vastausten määrän mukaan
Tuloshistoriasi
Et ole pelannut tätä visaa